00432nam a22001457a 450000500170000001000150001702000230003203500140005503700140006908200110008324500820009426000430017627000400021930000270025920190204112819.0 aENG-124722 a8175263202c250.00 aEN-108254 bDBAD/PUB. a230.51 aThe vachanamrut:bspiritual discourses of bhagwan swaminarayan/ccomplied by  aAmdavadbSwaminarayan Aksharpithc2006 aShahibaug, AmdavadbAmdavade380004 axxxvii,765p.c22cm(Hb)